[Event "New Zealand Open"]
[Site "Devonport, Auckland NZL"]
[Date "2016.01.03"]
[EventDate "2016.01.02"]
[Round "2.22"]
[Result "0-1"]
[White "Bernard Alan Carpinter"]
[Black "Kim Yew Chan"]
[WhiteElo "1928"]
[BlackElo "2019"]
[PlyCount "128"]

1. d4 Nf6 2. Nf3 g6 3. Nbd2 Bg7 4. e4 d6 5. Bd3 c5 6. c3 O-O
7. O-O cxd4 8. cxd4 Nc6 9. Re1 e5 10. Nb3 Bg4 11. Be3 Nd7
12. Be2 Re8 13. h3 exd4 14. Nbxd4 Bxf3 15. Bxf3 Nce5 16. Be2
Nf6 17. f3 d5 18. f4 Nc4 19. Bxc4 dxc4 20. e5 Nd5 21. Qe2 Nxf4
22. Qxc4 Qd5 23. Qf1 Ne6 24. Nf3 Qa5 25. Qf2 b6 26. Bd2 Qc5
27. Be3 Qb5 28. a4 Qb4 29. Qd2 Qxd2 30. Bxd2 Nc5 31. Bc3 Rad8
32. a5 b5 33. Rad1 Nd3 34. Re3 Nf4 35. Rxd8 Rxd8 36. Bd4 a6
37. Kh2 Rc8 38. Rc3 Rxc3 39. Bxc3 Nd3 40. Kg1 Kf8 41. Kf1 Ke7
42. Ke2 Nf4+ 43. Kf2 h6 44. h4 Ke6 45. g3 Nd3+ 46. Ke2 Nxe5
47. h5 Bf6 48. hxg6 fxg6 49. Nd4+ Kd5 50. Nc2 Be7 51. Bb4 Bg5
52. Bc3 Nc6 53. Kd3 h5 54. Nb4+ Nxb4+ 55. Bxb4 Bf6 56. b3 Be5
57. Be1 Bd6 58. b4 Ke5 59. Ke3 Kd5 60. Kd3 g5 61. Ke3 Kc4
62. Ke4 Bxb4 63. Bxb4 Kxb4 64. Kf5 h4 0-1

[Event "New Zealand Open"]
[Site "Devonport, Auckland NZL"]
[Date "2016.01.03"]
[EventDate "2016.01.02"]
[Round "2.23"]
[Result "0-1"]
[White "Edward Rains"]
[Black "Sean Watharow"]
[WhiteElo "2016"]
[BlackElo "1913"]
[PlyCount "82"]

1. e4 c5 2. Nc3 Nc6 3. f4 e6 4. Nf3 d5 5. Bb5 Nge7 6. exd5
Nxd5 7. Bxc6+ bxc6 8. d3 Qc7 9. O-O Be7 10. Ne5 Rb8 11. Ne4
O-O 12. c4 f6 13. Nf3 Nxf4 14. g3 Ng6 15. b3 f5 16. Nf2 e5
17. Bb2 Be6 18. Qe2 e4 19. dxe4 f4 20. g4 Rbd8 21. Rad1 Qc8
22. h3 Rxd1 23. Rxd1 Bh4 24. Rd6 Be7 25. Rd3 Bh4 26. Ba1 Qc7
27. Qd2 Qe7 28. e5 Bg3 29. Ne4 h5 30. Nfg5 hxg4 31. Nxe6 Qxe6
32. Nxc5 Qf5 33. Nd7 gxh3 34. Rd4 Nh4 35. Qd1 f3 36. Rxh4 f2+
37. Kf1 Bxh4 38. Nf6+ gxf6 39. exf6 Bxf6 40. Bxf6 h2 41. Kg2
f1=Q+ 0-1

[Event "New Zealand Open"]
[Site "Devonport, Auckland NZL"]
[Date "2016.01.03"]
[EventDate "2016.01.02"]
[Round "2.24"]
[Result "0-1"]
[White "Leighton Nicholls"]
[Black "Shenyue Li"]
[WhiteElo "1910"]
[BlackElo "2007"]
[PlyCount "75"]

1. f4 d5 2. Nf3 Nf6 3. g3 c5 4. Bg2 Nc6 5. d3 g6 6. O-O Bg7
7. c3 O-O 8. Qe1 d4 9. Na3 Nd5 10. Bd2 Nb6 11. cxd4 cxd4
12. Rc1 Be6 13. b3 a5 14. Ng5 Bd5 15. Ne4 a4 16. Nc4 Nd7
17. b4 b5 18. Na3 Na7 19. Nc5 Bxg2 20. Kxg2 Nf6 21. Rc2 Qd5+
22. Kg1 Rfc8 23. Qf2 Rc6 24. Qg2 Rac8 25. Qxd5 Nxd5 26. Rfc1
e6 27. Ne4 f5 28. Nc5 Bf8 29. Nxe6 Rxe6 30. Rxc8 Nxc8 31. Rxc8
Rxe2 32. Rc2 Rxd2 33. Rxd2 Bxb4 34. Rb2 Bxa3 35. Rxb5 Nc3
36. Ra5 Bb2 37. Ra7 a3 38. Kf1 0-1

[Event "New Zealand Open"]
[Site "Devonport, Auckland NZL"]
[Date "2016.01.03"]
[EventDate "2016.01.02"]
[Round "2.25"]
[Result "1-0"]
[White "Roger L Perry"]
[Black "P Wayne Power"]
[WhiteElo "2005"]
[BlackElo "1889"]
[PlyCount "33"]

1. e4 c5 2. c3 Nf6 3. e5 Nd5 4. d4 cxd4 5. cxd4 e6 6. Nf3 d6
7. Bc4 Nc6 8. O-O Be7 9. Qe2 O-O 10. Re1 dxe5 11. dxe5 Nb6
12. Bb3 Nd4 13. Nxd4 Qxd4 14. Nc3 Bd7 15. Rd1 Qh4 16. Be3 Bc6
17. Rd4 1-0

[Event "New Zealand Open"]
[Site "Devonport, Auckland NZL"]
[Date "2016.01.03"]
[EventDate "2016.01.02"]
[Round "2.26"]
[Result "1/2-1/2"]
[White "Richard Taylor"]
[Black "Karl Kai Zhu"]
[WhiteElo "1888"]
[BlackElo "1996"]
[PlyCount "59"]

1. e4 c5 2. Nf3 e6 3. d4 cxd4 4. Nxd4 Nc6 5. Nc3 Qc7 6. Be2 a6
7. Be3 Nf6 8. O-O b5 9. a3 Bb7 10. f3 Be7 11. Qd2 O-O 12. g4
b4 13. axb4 Bxb4 14. g5 Ne8 15. Kh1 Ne5 16. Bf4 d6 17. Ncb5
Bxd2 18. Nxc7 Bxf4 19. Nxa8 Bxa8 20. Rxa6 Nc7 21. Ra7 Rc8
22. Rfa1 g6 23. Nb5 Bc6 24. Nxc7 d5 25. exd5 exd5 26. R1a3
Bxg5 27. c3 Be7 28. R3a6 Bc5 29. Kg2 Bxa7 30. Rxa7 1/2-1/2

[Event "New Zealand Open"]
[Site "Devonport, Auckland NZL"]
[Date "2016.01.03"]
[EventDate "2016.01.02"]
[Round "2.27"]
[Result "1-0"]
[White "Nathan Goodhue"]
[Black "Alan Wolstencroft"]
[WhiteElo "1990"]
[BlackElo "1796"]
[PlyCount "71"]

1. b3 e5 2. Bb2 d6 3. g3 g6 4. d4 Bg7 5. d5 f5 6. Nd2 Nf6
7. Bg2 Nbd7 8. e4 fxe4 9. Nxe4 Nxe4 10. Bxe4 Nf6 11. Bg2 O-O
12. Ne2 Bg4 13. h3 Bf5 14. g4 Be4 15. O-O Bxg2 16. Kxg2 Qd7
17. Ng3 Rae8 18. c4 Qe7 19. Qd2 Qf7 20. Rae1 e4 21. Bd4 b6
22. Qc3 Re7 23. Kg1 Qe8 24. Re2 Qf7 25. Rfe1 Rfe8 26. g5 Nh5
27. Nxh5 Bxd4 28. Qxd4 gxh5 29. Rxe4 Qg6 30. Rxe7 Qxg5+
31. Kh1 Rxe7 32. Rg1 Re1 33. Rxe1 Qf5 34. Rg1+ Kf8 35. Qh8+
Kf7 36. Qg8+ 1-0

[Event "New Zealand Open"]
[Site "Devonport, Auckland NZL"]
[Date "2016.01.03"]
[EventDate "2016.01.02"]
[Round "2.28"]
[Result "0-1"]
[White "Joy Shu Yan Qin"]
[Black "Leo Zhu"]
[WhiteElo "1685"]
[BlackElo "1989"]
[PlyCount "90"]

1. e4 c5 2. Nf3 e6 3. c3 Nf6 4. e5 Nd5 5. d4 cxd4 6. cxd4 Nc6
7. Bc4 Nb6 8. Bd3 d6 9. O-O Be7 10. Re1 O-O 11. Nc3 Bd7 12. a3
Rc8 13. Qe2 d5 14. Be3 Nc4 15. Rac1 Nxe3 16. Qxe3 Na5 17. Qe2
Nc4 18. Rc2 b5 19. g3 Nxb2 20. Nxb5 Nxd3 21. Rxc8 Qxc8
22. Qxd3 Bxb5 23. Qxb5 Qc3 24. Re3 Qa1+ 25. Kg2 g5 26. g4 h5
27. h3 hxg4 28. hxg4 Kg7 29. Qa4 Rh8 30. Nh2 Qb2 31. Rf3 Qe2
32. Qd7 Rxh2+ 33. Kxh2 Qxf3 34. Qxe7 Qxf2+ 35. Kh1 Qf1+
36. Kh2 Qf2+ 37. Kh1 Qf3+ 38. Kh2 Qf2+ 39. Kh1 Qh4+ 40. Kg2
Qxg4+ 41. Kh2 Qf4+ 42. Kg2 g4 43. Qh4 Qf3+ 44. Kg1 Qe3+
45. Kf1 Qh3+ 0-1

[Event "New Zealand Open"]
[Site "Devonport, Auckland NZL"]
[Date "2016.01.03"]
[EventDate "2016.01.02"]
[Round "2.29"]
[Result "1/2-1/2"]
[White "Michael Klyszcz"]
[Black "Jasmine Haomo Zhang"]
[WhiteElo "1979"]
[BlackElo "1674"]
[PlyCount "113"]

1. e4 c5 2. Nf3 d6 3. c3 Nf6 4. Be2 Nbd7 5. d3 e6 6. O-O a6
7. a4 Be7 8. Na3 Qc7 9. Re1 O-O 10. Bg5 Re8 11. Rc1 Rb8
12. Bf1 h6 13. Bh4 b6 14. h3 Bb7 15. g4 Bc6 16. Bg2 Nf8
17. Bg3 Ng6 18. b4 Qd7 19. a5 cxb4 20. cxb4 bxa5 21. bxa5 e5
22. Nc4 Bd8 23. Qd2 Bb5 24. Qa2 Bxc4 25. Rxc4 Qb5 26. d4 Bxa5
27. Ra1 Nxe4 28. Bf1 Bb6 29. Rc7 Bxc7 30. Bxb5 axb5 31. Qc2
Nxg3 32. fxg3 Bb6 33. Ra6 exd4 34. Kf1 Bc5 35. Qd1 Re4 36. Qb1
Re3 37. Qd1 Rbe8 38. Ra1 b4 39. Rb1 R8e6 40. Rb3 Rf6 41. Kg2
Rxb3 42. Qxb3 Nf8 43. g5 hxg5 44. Nxg5 Ne6 45. Ne4 Rf5 46. Qa4
g6 47. Qd7 Kg7 48. Qb5 Re5 49. Nf2 Re3 50. Nd3 Rxd3 51. Qxd3
Nc7 52. Qc4 Na8 53. Kf3 Nb6 54. Qb3 Nd7 55. Ke2 Ne5 56. Qd5
Kf6 57. Kd2 1/2-1/2

[Event "New Zealand Open"]
[Site "Devonport, Auckland NZL"]
[Date "2016.01.03"]
[EventDate "2016.01.02"]
[Round "2.30"]
[Result "0-1"]
[White "Hikaru Oka"]
[Black "William F Forster"]
[WhiteElo "1449"]
[BlackElo "1975"]
[PlyCount "68"]

1. e4 e5 2. Nf3 Nc6 3. Bc4 Bc5 4. Nc3 Nf6 5. d3 d6 6. h3 Na5
7. Bb3 h6 8. Na4 Bb6 9. Nxb6 axb6 10. Be3 Nxb3 11. axb3 Be6
12. O-O O-O 13. Qd2 Qd7 14. Kh2 Nh7 15. d4 f6 16. Rad1 Rfd8
17. d5 Bf7 18. c4 f5 19. Qc2 f4 20. Bd2 g5 21. Rh1 Nf6 22. Kg1
Bg6 23. Re1 Qh7 24. h4 Bxe4 25. Qd1 Bxf3 26. gxf3 Rd7 27. Kf1
Rg7 28. Ke2 g4 29. Reg1 gxf3+ 30. Ke1 Qe4+ 31. Kf1 Qd3+
32. Ke1 Ra1 33. Rxg7+ Kxg7 34. Rg1+ Kf7 0-1

[Event "New Zealand Open"]
[Site "Devonport, Auckland NZL"]
[Date "2016.01.03"]
[EventDate "2016.01.02"]
[Round "2.31"]
[Result "1-0"]
[White "Stanley Yee"]
[Black "Louie Wei"]
[WhiteElo "1975"]
[BlackElo "1669"]
[PlyCount "31"]

1. e4 Nf6 2. e5 Nd5 3. Nc3 Nxc3 4. dxc3 Nc6 5. Bf4 d6 6. Nf3
Bg4 7. h3 Bf5 8. Bb5 Qd7 9. Qe2 Kd8 10. O-O-O a6 11. Ba4 b5
12. Bb3 Be6 13. Bxe6 Qxe6 14. Qe4 Kd7 15. Nd4 d5 16. Nxe6 1-0

[Event "New Zealand Open"]
[Site "Devonport, Auckland NZL"]
[Date "2016.01.03"]
[EventDate "2016.01.02"]
[Round "2.32"]
[Result "0-1"]
[White "Eva Lourenco"]
[Black "Hilton P Bennett"]
[WhiteElo "1306"]
[BlackElo "1958"]
[PlyCount "84"]

1. d4 Nf6 2. Nf3 d6 3. c4 g6 4. Nc3 Bg7 5. e3 O-O 6. Be2 Nbd7
7. O-O Re8 8. Re1 e5 9. d5 a5 10. e4 Nc5 11. Bf1 Rf8 12. b3
Bd7 13. Bg5 h6 14. Bxf6 Bxf6 15. Qd2 Bg7 16. Rab1 f5 17. exf5
gxf5 18. Rbc1 Qf6 19. g3 b6 20. Rb1 e4 21. Nxe4 fxe4 22. Nh4
Rae8 23. Re3 h5 24. f4 exf3 25. Rxf3 Qd4+ 26. Qxd4 Bxd4+
27. Kg2 Bg4 28. Rxf8+ Rxf8 29. a3 Rf2+ 30. Kh1 Nxb3 31. h3 Nd2
32. Re1 Nxf1 33. Rxf1 Rxf1+ 34. Kg2 Rf2+ 35. Kh1 Be2 36. Kg1
Bd3 37. Ng2 Rd2+ 38. Kh2 Be4 39. h4 Bxg2 40. g4 Be4+ 41. Kg3
Be5+ 42. Kh3 Bg2# 0-1

[Event "New Zealand Open"]
[Site "Devonport, Auckland NZL"]
[Date "2016.01.03"]
[EventDate "2016.01.02"]
[Round "2.33"]
[Result "1/2-1/2"]
[White "Helen Milligan"]
[Black "Vyanla M Punsalan"]
[WhiteElo "1957"]
[BlackElo "1356"]
[PlyCount "76"]

1. e4 e6 2. d4 d5 3. Nc3 Nf6 4. e5 Nfd7 5. f4 c5 6. Nf3 Nc6
7. Be3 b6 8. Qd2 Be7 9. Bb5 Bb7 10. O-O Qc7 11. a4 O-O 12. Ne2
f6 13. Bxc6 Qxc6 14. c3 Ba6 15. Rf2 Bxe2 16. Qxe2 c4 17. g4 f5
18. h3 Rf7 19. Ng5 Bxg5 20. fxg5 g6 21. gxf5 exf5 22. Bf4 Nf8
23. Qc2 Ne6 24. Qb1 a5 25. Qa2 Rb7 26. h4 Rab8 27. Qa3 Kf7
28. Be3 b5 29. axb5 Rxb5 30. Qa4 Ra8 31. Raf1 Rb6 32. Ra1 Qxa4
33. Rxa4 Ng7 34. Kf1 Ke6 35. Bc1 Rb3 36. Kg2 Nh5 37. Kh3 Ra7
38. Kg2 Ra8 1/2-1/2

[Event "New Zealand Open"]
[Site "Devonport NZL"]
[Date "2016.01.04"]
[EventDate "?"]
[Round "3.1"]
[Result "1-0"]
[White "Nigel Short"]
[Black "Deimante Daulyte"]
[WhiteElo "2684"]
[BlackElo "2378"]
[PlyCount "81"]

1. c4 Nf6 2. Nc3 e6 3. e4 d5 4. cxd5 exd5 5. e5 d4 6. exf6
dxc3 7. Bb5+ c6 8. Qe2+ Be6 9. Bc4 Qxf6 10. dxc3 Bc5 11. Nf3
O-O 12. Bxe6 Qxe6 13. Qxe6 fxe6 14. O-O Nd7 15. Re1 Rfe8
16. Bg5 h6 17. Bh4 Be7 18. Rad1 Nf8 19. Bxe7 Rxe7 20. Ne5 Kh7
21. Rd6 Rae8 22. f4 Ng6 23. g3 Nxe5 24. Rxe5 Kg8 25. h4 Kf7
26. h5 Rc8 27. Kf2 Rce8 28. Kf3 Rc8 29. b4 Rce8 30. a4 Rc8
31. g4 Rh8 32. a5 a6 33. Ke4 Rh7 34. Kd4 Rh8 35. Kc5 Rhe8
36. g5 hxg5 37. fxg5 Rh8 38. g6+ Kf6 39. Kd4 Rc8 40. Ke4 c5
41. Rf5# 1-0

[Event "New Zealand Open"]
[Site "Devonport NZL"]
[Date "2016.01.04"]
[EventDate "?"]
[Round "3.2"]
[Result "1/2-1/2"]
[White "Scott Wastney"]
[Black "Gawain Jones"]
[WhiteElo "2345"]
[BlackElo "2625"]
[PlyCount "144"]

1. e4 e5 2. Nf3 Nc6 3. Nc3 Nf6 4. a3 g6 5. Bc4 Bg7 6. d3 d6
7. Nd5 Be6 8. Bg5 h6 9. Nxf6+ Bxf6 10. Bxe6 fxe6 11. Be3 g5
12. c3 Qd7 13. O-O Ne7 14. d4 Ng6 15. dxe5 Nxe5 16. Nxe5 Bxe5
17. Bd4 O-O-O 18. Bxe5 dxe5 19. Qxd7+ Rxd7 20. Rad1 Rhd8
21. Rxd7 Rxd7 22. f3 c5 23. Rf2 Kc7 24. Kf1 Rd1+ 25. Ke2 Rc1
26. Kd2 Rh1 27. h3 c4 28. Kc2 Kc6 29. Kd2 Kd6 30. Kc2 Rg1
31. Kd2 Kc5 32. Kc2 Kb5 33. Kd2 Ka4 34. Kc2 a6 35. Rd2 h5
36. Rf2 Re1 37. Kd2 Rh1 38. Kc2 Rg1 39. Rd2 a5 40. Rf2 b6
41. Rd2 b5 42. Rf2 g4 43. hxg4 hxg4 44. fxg4 Re1 45. g5 Rxe4
46. g3 Rg4 47. Rg2 b4 48. axb4 axb4 49. cxb4 Kxb4 50. Kd2 Kc5
51. Ke3 e4 52. Rd2 e5 53. g6 Rxg6 54. Kxe4 Rxg3 55. Kxe5 Re3+
56. Kf4 Re8 57. Kf3 Kb4 58. Rc2 Rh8 59. Ke3 Rh4 60. Rg2 Rh3+
61. Kd4 Rd3+ 62. Ke4 Kb3 63. Rh2 Rd1 64. Rg2 Ra1 65. Kd4 Ra4
66. Kd5 Ra8 67. Kd4 Kb4 68. Rh2 Rd8+ 69. Ke3 Kb3 70. Rg2 Ra8
71. Kd4 Ra2 72. Rg3+ Kxb2 1/2-1/2

[Event "New Zealand Open"]
[Site "Devonport NZL"]
[Date "2016.01.04"]
[EventDate "?"]
[Round "3.3"]
[Result "1-0"]
[White "Alexandr Hilario Takeda dos Santos Fier"]
[Black "Aleksei Kulashko"]
[WhiteElo "2607"]
[BlackElo "2341"]
[PlyCount "69"]

1. e4 c5 2. Nf3 g6 3. d4 cxd4 4. Nxd4 Nc6 5. Nc3 Bg7 6. Be3
Nf6 7. Bc4 O-O 8. Bb3 d5 9. exd5 Na5 10. Qf3 Bg4 11. Qg3 Bh5
12. d6 exd6 13. O-O Nxb3 14. Nxb3 Re8 15. Bd4 Qd7 16. f3 h6
17. Rad1 g5 18. Bxf6 Bxf6 19. Ne4 Rxe4 20. fxe4 Bxd1 21. Rxf6
Qe7 22. Rxh6 Qe5 23. Qd3 Bg4 24. Rxd6 Qxb2 25. Rd5 f6 26. e5
Kg7 27. c3 Rf8 28. h3 fxe5 29. Qe3 Bf5 30. Qxg5+ Kh8 31. Qh5+
Kg8 32. Rxe5 Bh7 33. Qg4+ Kf7 34. Qe6+ Kg7 35. Rg5+ 1-0

[Event "New Zealand Open"]
[Site "Devonport NZL"]
[Date "2016.01.04"]
[EventDate "?"]
[Round "3.4"]
[Result "0-1"]
[White "Russell John Dive"]
[Black "Qun Ma"]
[WhiteElo "2311"]
[BlackElo "2606"]
[PlyCount "70"]

1. Nf3 d5 2. d4 c6 3. c4 Nf6 4. Nc3 dxc4 5. a4 Bf5 6. Ne5 Nbd7
7. Nxc4 Nb6 8. Ne3 Bg6 9. a5 Nbd5 10. g3 e6 11. Bg2 Bb4
12. Nexd5 exd5 13. a6 b5 14. Qb3 Bd6 15. O-O O-O 16. Bg5 Re8
17. Rfe1 h6 18. Bxf6 Qxf6 19. e3 Rab8 20. Na2 Qe7 21. Nc1 h5
22. h4 Bf5 23. Nd3 g5 24. hxg5 Qxg5 25. Ne5 Bxe5 26. dxe5 Be4
27. Bxe4 dxe4 28. Rac1 Rxe5 29. Rxc6 h4 30. Rc7 Rf5 31. Qc2
hxg3 32. fxg3 Rf3 33. Re2 Rd8 34. Rg2 Qxe3+ 35. Kh2 Rf6 0-1

[Event "New Zealand Open"]
[Site "Devonport, Auckland NZL"]
[Date "2016.01.04"]
[EventDate "2016.01.02"]
[Round "3.5"]
[Result "1-0"]
[White "Matthieu Cornette"]
[Black "Nino Maisuradze"]
[WhiteElo "2591"]
[BlackElo "2288"]
[PlyCount "63"]

1. e4 c5 2. Nf3 e6 3. d4 cxd4 4. Nxd4 a6 5. Be2 b5 6. O-O Bb7
7. c4 b4 8. Be3 Nc6 9. Nd2 Nge7 10. c5 Nxd4 11. Bxd4 Nc6
12. Nc4 Be7 13. Bxg7 Rg8 14. Bh6 Bxc5 15. Be3 Be7 16. Qd2 d5
17. Bb6 Qd7 18. Rad1 d4 19. Qh6 Bf8 20. Qxh7 Rg7 21. Qh8 Qe7
22. Rd3 a5 23. Rg3 Rxg3 24. fxg3 Ba6 25. Rxf7 Qxf7 26. Nd6+
Kd7 27. Nxf7 Bxe2 28. Ne5+ Nxe5 29. Qxe5 d3 30. Qd4+ Ke8
31. Kf2 Bh5 32. Ke3 1-0

[Event "New Zealand Open"]
[Site "Devonport, Auckland NZL"]
[Date "2016.01.04"]
[EventDate "2016.01.02"]
[Round "3.6"]
[Result "0-1"]
[White "Ben Hague"]
[Black "Ju Wenjun"]
[WhiteElo "2287"]
[BlackElo "2548"]
[PlyCount "96"]

1. e4 c5 2. Nf3 e6 3. d4 cxd4 4. Nxd4 Nc6 5. Nc3 a6 6. Be3 Nf6
7. f4 Bb4 8. Nxc6 bxc6 9. Bd3 d5 10. e5 Nd7 11. O-O Be7
12. Qh5 g6 13. Qh6 Bf8 14. Qh3 Bg7 15. Ne2 c5 16. c3 O-O
17. b4 Qe7 18. Rab1 a5 19. a3 Ba6 20. b5 Bb7 21. c4 Nb6
22. Rbc1 Rfc8 23. Bf2 Rab8 24. Nc3 dxc4 25. Be4 Nd5 26. Qf3
Nxc3 27. Rxc3 Bxe4 28. Qxe4 Rxb5 29. Rxc4 Qd7 30. Qc2 Bf8
31. h4 h5 32. g4 hxg4 33. Qe2 Rb3 34. Qxg4 Qd3 35. Rfc1 Rxa3
36. h5 Qf5 37. Qxf5 gxf5 38. Bxc5 Rxc5 39. Rxc5 Bxc5+ 40. Rxc5
Ra4 41. Kg2 Rxf4 42. Rxa5 Rh4 43. Kg3 Rxh5 44. Kf4 Kg7 45. Rb5
Kg6 46. Ra5 Rh4+ 47. Kg3 Re4 48. Kf3 f6 0-1

[Event "New Zealand Open"]
[Site "Devonport, Auckland NZL"]
[Date "2016.01.04"]
[EventDate "2016.01.02"]
[Round "3.7"]
[Result "0-1"]
[White "Thorben Koop"]
[Black "Michael Steadman"]
[WhiteElo "2417"]
[BlackElo "2252"]
[PlyCount "118"]

1. Nf3 d6 2. d4 f5 3. g3 Nf6 4. Bg2 g6 5. c3 Bg7 6. Qb3 e6
7. Bg5 h6 8. Bxf6 Qxf6 9. Nbd2 d5 10. Ne5 O-O 11. Ndf3 a5
12. a4 Ra6 13. h4 Rb6 14. Qc2 Bd7 15. Nd2 Rd6 16. Nb3 b6
17. Nc1 c5 18. Ncd3 Be8 19. f4 Na6 20. e3 Qd8 21. b3 Qc7
22. Qd2 Rd8 23. Qb2 Rc8 24. O-O g5 25. hxg5 hxg5 26. fxg5 Bxe5
27. Nxe5 Qg7 28. Qe2 Nb8 29. c4 cxd4 30. exd4 dxc4 31. bxc4
Qxg5 32. d5 Qxg3 33. dxe6 Rf6 34. Rf3 Qg5 35. Qf2 f4 36. Nd3
Rxc4 37. Re1 Nc6 38. e7 Rxa4 39. Kh2 Nxe7 40. Bh3 Kf8 41. Re5
Qh6 42. Qe2 Qh7 43. Re6 Qf7 44. Qe5 Rxe6 45. Bxe6 Qh5+
46. Qxh5 Bxh5 47. Rxf4+ Rxf4 48. Nxf4 Bf7 49. Bd7 Nd5 50. Ne2
Ke7 51. Bb5 Kd6 52. Kg3 Kc5 53. Bd7 b5 54. Kf2 Nb6 55. Bxb5
Kxb5 56. Ke3 Kb4 57. Kd2 Nc4+ 58. Kc1 Bg6 59. Nf4 Be4 0-1

[Event "New Zealand Open"]
[Site "Devonport, Auckland NZL"]
[Date "2016.01.04"]
[EventDate "2016.01.02"]
[Round "3.8"]
[Result "1/2-1/2"]
[White "Alphaeus Wei Ern Ang"]
[Black "Anthony F Ker"]
[WhiteElo "2136"]
[BlackElo "2283"]
[PlyCount "63"]

1. d4 d6 2. Nf3 Bg4 3. c4 Nd7 4. e4 e5 5. d5 Be7 6. Nc3 Bxf3
7. Qxf3 Bg5 8. Bxg5 Qxg5 9. h4 Qf6 10. Be2 Qxf3 11. Bxf3 Ngf6
12. Kd2 a5 13. g4 Nc5 14. b3 Ke7 15. g5 Nfd7 16. Rab1 Nf8
17. h5 h6 18. Rbg1 Nh7 19. gxh6 gxh6 20. Ne2 Ng5 21. Ke3 Na6
22. a3 Nc5 23. Rb1 Kf6 24. Ng3 Rhg8 25. Bd1 Kg7 26. Bc2 Rgb8
27. Nf5+ Kh7 28. a4 Rg8 29. Ne7 Rge8 30. Nf5 Rg8 31. Ne7 Rge8
32. Nf5 1/2-1/2

[Event "New Zealand Open"]
[Site "Devonport, Auckland NZL"]
[Date "2016.01.04"]
[EventDate "2016.01.02"]
[Round "3.9"]
[Result "0-1"]
[White "Leonard J McLaren"]
[Black "Heather Richards"]
[WhiteElo "2236"]
[BlackElo "2165"]
[PlyCount "134"]

1. e4 Nf6 2. e5 Nd5 3. c4 Nb6 4. d4 d6 5. exd6 exd6 6. Nc3 Be7
7. Bd3 O-O 8. Nge2 c6 9. O-O Na6 10. b3 Bf6 11. Be3 Re8
12. Qd2 Nc7 13. Rae1 d5 14. c5 Nd7 15. Ng3 g6 16. b4 Ne6
17. Nce2 Bg7 18. Bc2 f5 19. Kh1 Qf6 20. f4 b6 21. b5 cxb5
22. c6 Ndf8 23. Bb3 Nc7 24. Rc1 a5 25. Nc3 Qd6 26. a3 Be6
27. Qa2 b4 28. Na4 b5 29. Nc5 a4 30. Bd1 Bf7 31. Nb7 Qe7
32. Bd2 bxa3 33. Rb1 Bxd4 34. Bb4 Qf6 35. Nd6 Re3 36. Bxa3
Rxg3 37. hxg3 Qg7 38. Nxf7 Kxf7 39. Rf2 Bxf2 40. Qxf2 Nfe6
41. Bf3 Qc3 42. Bb2 Qc5 43. Qe1 d4 44. g4 b4 45. Rc1 Qb5
46. Qh4 Kg8 47. Qf6 Rf8 48. Qe7 a3 49. Bxd4 Nxd4 50. Qxc7 Nxf3
51. gxf3 Qe2 52. Qd6 Qxf3+ 53. Kh2 Qe2+ 54. Kh1 fxg4 55. c7
Qf3+ 56. Kh2 Qh3+ 57. Kg1 Qe3+ 58. Kg2 Qxc1 59. Qe6+ Kg7
60. Qe7+ Rf7 61. Qe5+ Rf6 62. Qe7+ Kh6 63. Qxf6 Qxc7 64. Qf8+
Kh5 65. Qf6 Qc2+ 66. Kg1 Qc1+ 67. Kg2 Qb2+ 0-1

[Event "New Zealand Open"]
[Site "Devonport, Auckland NZL"]
[Date "2016.01.04"]
[EventDate "2016.01.02"]
[Round "3.10"]
[Result "1/2-1/2"]
[White "Matthew Drummond"]
[Black "David Cilia Vincenti"]
[WhiteElo "2255"]
[BlackElo "2061"]
[PlyCount "75"]

1. c4 b6 2. d4 e6 3. a3 f5 4. Nc3 Nf6 5. g3 Bb7 6. d5 Na6
7. Bg2 Nc5 8. Nh3 Bd6 9. O-O Be5 10. dxe6 dxe6 11. Bxb7 Qxd1
12. Rxd1 Nxb7 13. Na4 Ke7 14. Bg5 Na5 15. Bf4 Bxf4 16. Nxf4
Nb3 17. Rab1 Ne4 18. Rd3 Ned2 19. Re1 g5 20. Nh3 h6 21. f4 g4
22. Nf2 Rhd8 23. Kg2 c5 24. Rh1 Na5 25. h3 h5 26. hxg4 hxg4
27. Rh7+ Kf6 28. Rxd8 Rxd8 29. Rxa7 Naxc4 30. Nd3 Ne4 31. Nc3
Nxc3 32. bxc3 e5 33. fxe5+ Nxe5 34. Nf4 Rd2 35. Rb7 Nc4
36. Rc7 Ra2 37. Rc6+ Kf7 38. Kf2 1/2-1/2

[Event "New Zealand Open"]
[Site "Devonport, Auckland NZL"]
[Date "2016.01.04"]
[EventDate "2016.01.02"]
[Round "3.11"]
[Result "1-0"]
[White "Paul Anthony Garbett"]
[Black "Daniel Hanwen Gong"]
[WhiteElo "2250"]
[BlackElo "2055"]
[PlyCount "123"]

1. c4 Nf6 2. Nc3 g6 3. g3 Bg7 4. Bg2 e5 5. Nf3 Nc6 6. O-O O-O
7. Rb1 a5 8. d3 h6 9. a3 d6 10. b4 axb4 11. axb4 Ne7 12. Qc2
Be6 13. Bd2 c6 14. b5 Qc7 15. Rfc1 Rfc8 16. Qb3 Qd7 17. Na4
Qd8 18. Be3 Nf5 19. Bb6 Qe8 20. bxc6 bxc6 21. e3 Nd7 22. Qc2
Ra6 23. e4 Ne7 24. Be3 d5 25. Nc5 Nxc5 26. Bxc5 Rd8 27. Rb7
Nc8 28. h3 Nd6 29. Bxd6 Rxd6 30. Nd2 d4 31. Rcb1 Rd8 32. f4
Raa8 33. Nf3 f6 34. Qb2 Rd7 35. Qb6 Qc8 36. Rxd7 Bxd7 37. Kh2
Ra2 38. Qb8 Ra8 39. Qd6 Qe8 40. fxe5 fxe5 41. Nh4 Kh7 42. Rb7
Rd8 43. Qc7 Qf8 44. Ra7 Qf6 45. Nf3 h5 46. Nxe5 Be8 47. Nf3
Rd7 48. Qb8 Rxa7 49. Qxa7 g5 50. e5 Qd8 51. Nxd4 Bd7 52. e6
Be8 53. Nf5 Qf6 54. Be4 Qb2+ 55. Bg2 h4 56. d4 hxg3+ 57. Kxg3
Qc3+ 58. Kh2 Kg6 59. Qxg7+ Kxf5 60. Qe5+ Kg6 61. Be4+ Kh5
62. Qh8# 1-0

[Event "New Zealand Open"]
[Site "Devonport, Auckland NZL"]
[Date "2016.01.04"]
[EventDate "2016.01.02"]
[Round "3.12"]
[Result "1/2-1/2"]
[White "Kim Yew Chan"]
[Black "Mark Fredrick Noble"]
[WhiteElo "2019"]
[BlackElo "2241"]
[PlyCount "206"]

1. d4 d5 2. Nf3 Nf6 3. c4 c6 4. e3 e6 5. b3 Nbd7 6. Bd3 Bd6
7. Nbd2 O-O 8. Bb2 Re8 9. O-O e5 10. dxe5 Nxe5 11. Nxe5 Bxe5
12. Qc2 dxc4 13. Bxc4 Bg4 14. Rfe1 Bh5 15. f3 b5 16. Bf1 Qb6
17. Bxe5 Rxe5 18. Kh1 Rxe3 19. Rxe3 Qxe3 20. Qxc6 Rd8 21. Ne4
Nxe4 22. Qxe4 Qxe4 23. fxe4 b4 24. Bc4 Kf8 25. Kg1 Rd4 26. a3
Rxe4 27. axb4 Re7 28. Ra5 Bg6 29. Kf2 Ke8 30. Ra6 Bf5 31. b5
Bc8 32. Rc6 Kd7 33. Be2 g6 34. Rf6 Kc7 35. Rc6+ Kb8 36. Bf3
Be6 37. b6 Bxb3 38. Rd6 Re8 39. bxa7+ Kxa7 40. Bd5 Bxd5
41. Rxd5 Kb6 42. Rd7 Rf8 43. Kf3 Kc6 44. Ra7 Kd6 45. Kf4 h6
46. h4 Ke6 47. Ra6+ Ke7 48. Ra7+ Kf6 49. Ra6+ Kg7 50. g3 Rb8
51. Ra4 Rb5 52. Kg4 Rf5 53. Ra6 Rf1 54. Ra8 h5+ 55. Kh3 Rf2
56. Rc8 Rd2 57. Ra8 Kf6 58. Ra4 Ke5 59. Rf4 Rd7 60. Kg2 Rd2+
61. Kf3 Rd3+ 62. Kg2 f6 63. Ra4 Rd4 64. Ra6 Kf5 65. Kf3 Rd3+
66. Kg2 Re3 67. Kf2 Re6 68. Ra5+ Re5 69. Ra6 Re6 70. Ra4 Re4
71. Ra6 Rb4 72. Kf3 Rb3+ 73. Kf2 g5 74. hxg5 fxg5 75. Ra4 Rb2+
76. Kf3 g4+ 77. Ke3 Rb3+ 78. Kf2 Rf3+ 79. Kg2 Rd3 80. Ra5+ Ke4
81. Rxh5 Rd2+ 82. Kg1 Kf3 83. Ra5 Rg2+ 84. Kh1 Re2 85. Ra1
Kxg3 86. Kg1 Re3 87. Rb1 Kh3 88. Ra1 Rg3+ 89. Kh1 Rf3 90. Kg1
Kg3 91. Rb1 Re3 92. Ra1 Kf3 93. Rf1+ Kg3 94. Ra1 Re2 95. Ra3+
Kh4 96. Ra1 Kh3 97. Ra3+ g3 98. Ra1 Re3 99. Rb1 g2 100. Ra1
Rf3 101. Rb1 Re3 102. Ra1 Kg3 103. Ra3 Rxa3 1/2-1/2

[Event "New Zealand Open"]
[Site "Devonport, Auckland NZL"]
[Date "2016.01.04"]
[EventDate "2016.01.02"]
[Round "3.13"]
[Result "1-0"]
[White "Shenyue Li"]
[Black "Robert Wayne Smith"]
[WhiteElo "2007"]
[BlackElo "2208"]
[PlyCount "101"]

1. e4 c5 2. b3 Nc6 3. Bb2 d6 4. Bb5 Bd7 5. f4 Nf6 6. Bxc6 Bxc6
7. d3 e6 8. Nf3 Be7 9. Nbd2 O-O 10. O-O Qc7 11. Qe1 Nd7
12. Qg3 Bf6 13. e5 dxe5 14. fxe5 Be7 15. Rae1 b5 16. Ne4 Bxe4
17. Rxe4 f5 18. exf6 Qxg3 19. hxg3 Bxf6 20. Bxf6 Rxf6 21. Rfe1
Re8 22. d4 cxd4 23. Nxd4 a6 24. Rxe6 Rfxe6 25. Rxe6 Rxe6
26. Nxe6 Kf7 27. Nc7 Nb8 28. Kf2 Ke7 29. Ke3 Kd7 30. Nd5 Kd6
31. Nf4 Nc6 32. a3 a5 33. Ke4 a4 34. bxa4 bxa4 35. Nd3 Na7
36. c4 Nc8 37. Kd4 Ne7 38. c5+ Kc6 39. Kc4 Nf5 40. Nb4+ Kd7
41. Kb5 Nxg3 42. Nd5 h5 43. Nb6+ Kc7 44. Nxa4 Nf5 45. Nc3 Ne3
46. a4 h4 47. c6 g5 48. a5 g4 49. a6 Kb8 50. Kc5 Nf5 51. Nd5
1-0